000 00413nam a2200169Ia 4500
008 230725s2003 xx 000 0 und d
041 _aeng
082 _a615
_bPIC
100 _aPICKAR GLORIA D.
245 _aRATION PROPORTION APPROACH TO DOSAGE CALCULATION
260 _bDELMAR/CENGAGE LEARNING
_c2003
300 _a430
365 _h20
500 _aTEXT BOOK
501 _aPH
650 _aPHARMACEUTICS
999 _c755678
_d755678